Status of tropical forest management, 2005 (Record no. 44252)
[ view plain ]
| 000 -LEADER | |
|---|---|
| fixed length control field | 00401nam a2200133Ia 4500 |
| 020 ## - INTERNATIONAL STANDARD BOOK NUMBER | |
| ISBN | 4902045249 |
| 082 ## - DEWEY DECIMAL CLASSIFICATION NUMBER | |
| Classification number | 630*6(160.23) |
| Item number | ITT |
| 245 #0 - TITLE STATEMENT | |
| Title | Status of tropical forest management, 2005 |
| 260 ## - PUBLICATION, DISTRIBUTION, ETC. (IMPRINT) | |
| Place of publication | Japan |
| Name of publisher | International Tropical Timber Organization |
| Year of publication | 2006 |
| 490 ## - SERIES STATEMENT | |
| Series statement | ITTO Technical Series No. 24 |
| 650 ## - SUBJECT ADDED ENTRY--TOPICAL TERM | |
| Topical Term | Forest management |
| 942 ## - ADDED ENTRY ELEMENTS (KOHA) | |
| Koha item type | Books |
| Withdrawn status | Lost status | Damaged status | Not for loan | Home library | Current library | Date acquired | Source of acquisition | Full call number | Accession Number | Koha item type |
|---|---|---|---|---|---|---|---|---|---|---|
| RRII Library | RRII Library | 16/12/2021 | Gift | 630*6(160.23) ITT | G00999 | Books |